| 000 | 00957nam a22003135i 4500 | ||
|---|---|---|---|
| 999 |
_c1355 _d1355 |
||
| 001 | 19586684 | ||
| 003 | OSt | ||
| 005 | 20221228153949.0 | ||
| 008 | 170406s2018 nyu 000 0 eng | ||
| 010 | _a 2017939147 | ||
| 020 | _a9781770497191 (hardcover) | ||
| 020 | _a9781770497207 (epub) | ||
| 040 |
_aDLC _beng _erda _cDLC |
||
| 042 | _apcc | ||
| 082 | _a398.996 WAL | ||
| 100 | 1 |
_aWalters, Eric. _eCollector |
|
| 245 | 1 | 0 |
_aFrom the heart of Africa : _ba book of wisdom / _cEric Walters. |
| 263 | _a1801 | ||
| 264 | 1 |
_aPlattsburgh, NY : _bTundra Books of Northern New York, _c2018. |
|
| 300 |
_a40 unnumbered pages : _bcolor illustrations ; _c27 cm |
||
| 336 |
_atext _btxt _2rdacontent |
||
| 337 |
_aunmediated _bn _2rdamedia |
||
| 338 |
_avolume _bnc _2rdacarrier |
||
| 650 | _2Aphorismes et apophtegmes | ||
| 651 | _2Conduct of life | ||
| 906 |
_a0 _bibc _corignew _d2 _eepcn _f20 _gy-gencatlg |
||
| 942 |
_2ddc _cNFIC |
||